| 000 | 00987nam0a2200301 i 4500 | ||
|---|---|---|---|
| 001 | RU\NLR\bibl\1928892 | ||
| 005 | 20240921125728.0 | ||
| 010 |
_a9785389041219 _97000 |
||
| 021 |
_aRU _b2012-49605 _93627 |
||
| 035 | _a(NLR Aleph) 001918262 | ||
| 090 |
_a3270470 _c3270470 |
||
| 100 | _a20120726d2012 u y0rusy50 ca | ||
| 101 | 0 | _arus | |
| 102 | _aRU | ||
| 105 | _ay ||||||||| | ||
| 200 | 1 |
_aЕда, которая лечит почки _f[Стрелкова Наталья] |
|
| 210 |
_aСанкт-Петербург _cВеды _d2012 |
||
| 215 |
_a127 с. _d18 |
||
| 225 | 1 | _aОбраз жизни - здоровье | |
| 300 | _aАвт. указан в вып. дан. | ||
| 606 | 1 |
_aПочки _xБолезни _xЛечебное питание _91464120 _3RU\NLR\auth\66621426 |
|
| 686 | _aР414-51 | ||
| 700 | 1 |
_aСтрелкова _bН. _gНаталья _4070 |
|
| 801 | 0 |
_aRU _bNLR _c20120726 _gRCR |
|
| 801 | 1 |
_aRU _bNLR _c20120726 |
|
| 942 | _cBOOK | ||
| 980 | _aNBR | ||